| 000 | 00650nam a22002177a 4500 | ||
|---|---|---|---|
| 003 | LK-CoMWRAF | ||
| 005 | 20231130150113.0 | ||
| 008 | 231117b1998 |||||||| |||| 00| 0 eng d | ||
| 020 | _a8125024743 | ||
| 040 |
_aLK-CoMWRAF _dLK-CoMWRAF _eLK-CoMWRAF |
||
| 041 | _aeng | ||
| 082 |
_a923 _bWYR |
||
| 100 | _a Wyrick, Deborah | ||
| 245 | _aFanon for beginners | ||
| 260 |
_aHyderabad: _bOrient Longman, _c1998 |
||
| 300 |
_a184 p.: ill. ; 23 cm _bBibliography, glossary and index included |
||
| 490 | _aWriters and Readers beginners documentary comic book | ||
| 650 | _aFANON FRANTZ | ||
| 650 | _aFanon-Political and social views | ||
| 942 | _cBK | ||
| 999 |
_c4094 _d4094 |
||